| 000 | 00768nam a22002177a 4500 | ||
|---|---|---|---|
| 008 | 080909t xxu||||| |||| 00| 0 eng d | ||
| 010 | _aENG-90984 | ||
| 020 |
_a9788178803760 _c750.00 |
||
| 035 | _aEN-74517 | ||
| 037 | _bDBAD / PUB | ||
| 040 |
_adpl _bEnglihs |
||
| 082 | _a581.5 | ||
| 100 | _aGeorge, Peter | ||
| 245 |
_aPlant ecology / _cby Peter George |
||
| 260 |
_aNew Delhi _bRajat Publications _c2008 |
||
| 270 |
_a4675/21,Ansari Road, Darya Ganj, _bNew Delhi _e110002 |
||
| 300 |
_avii, 308p.: _c23 cm (Hb) _bill. |
||
| 650 | _aPlant ecology | ||
| 942 |
_2ddc _cEN _h581.5 _mGEO |
||
| 999 |
_c15416 _d15416 |
||